[Event "NRW Class1 1415"]
[Site "Germany"]
[Date "2015.04.26"]
[Round "9.7"]
[White "Riedel, Holger"]
[Black "Osswald, Luis Monty"]
[Result "0-1"]
[WhiteElo "2153"]
[BlackElo "1985"]
[PlyCount "72"]
[EventDate "2014.09.14"]
[EventType "team-tourn"]
[EventRounds "9"]
[EventCountry "GER"]
[SourceTitle "EXT 2017"]
[Source "ChessBase"]
[SourceDate "2016.10.25"]
[SourceVersion "1"]
[SourceVersionDate "2016.10.25"]
[SourceQuality "1"]
[WhiteTeam "Niederkassel"]
[BlackTeam "Ennepe Ruhr Sued"]
[WhiteTeamCountry "GER"]
[BlackTeamCountry "GER"]

1. d4 Nf6 2. Nf3 e6 3. e3 c5 4. Bd3 b6 5. 0-0 Bb7 6. Qe2 Be7 7. Nbd2 d6 8. b3 0-0 9. Bb2 Nbd7 10. c4 Qc7 11. e4 cxd4 12. Nxd4 a6 13. Rae1 g6 14. f4 e5 15. fxe5 Nxe5 16. h3 Rfe8 17. Rf2 Nh5 18. Nf5 Bg5 19. Bxe5 dxe5 20. Qg4 Bxd2 21. Rxd2 Bc8 22. Qg5 Bxf5 23. exf5 Rad8 24. fxg6 hxg6 25. Be4 Rxd2 26. Qxd2 Rd8 27. Qf2 Nf4 28. Kh1 Rd4 29. Qf3 Qd7 30. Rf1 Rd2 31. Qe3 Re2 32. Qxb6 Rxe4 33. Qxa6 Re2 34. Qa8+ Kg7 35. Qb8 Nxg2 36. c5 Nf4 0-1

[Event "NRW Class1 1415"]
[Site "Germany"]
[Date "2015.01.11"]
[Round "5.6"]
[White "Krings, Christoph"]
[Black "Riedel, Holger"]
[Result "1/2-1/2"]
[WhiteElo "2093"]
[BlackElo "2153"]
[PlyCount "48"]
[EventDate "2014.09.14"]
[EventType "team-tourn"]
[EventRounds "9"]
[EventCountry "GER"]
[SourceTitle "EXT 2017"]
[Source "ChessBase"]
[SourceDate "2016.10.25"]
[SourceVersion "1"]
[SourceVersionDate "2016.10.25"]
[SourceQuality "1"]
[WhiteTeam "Erkenschwick"]
[BlackTeam "Niederkassel"]
[WhiteTeamCountry "GER"]
[BlackTeamCountry "GER"]

1. d4 e6 2. Nf3 Nf6 3. g3 b6 4. Bg2 Bb7 5. 0-0 Be7 6. c4 0-0 7. Nc3 Ne4 8. Qc2 Nxc3 9. Qxc3 Na6 10. a3 c5 11. Qc2 f5 12. d5 exd5 13. cxd5 d6 14. Rd1 Nc7 15. b4 Qe8 16. bxc5 bxc5 17. Rb1 Ba6 18. Ne5 f4 19. Nc4 fxg3 20. hxg3 Qh5 21. Bf4 Rf6 22. Bf3 Qh3 23. Bg2 Qh5 24. Bf3 Qh3 1/2-1/2

[Event "NRW Class1 1415"]
[Site "Germany"]
[Date "2014.10.05"]
[Round "2.4"]
[White "Riedel, Holger"]
[Black "Gruermann, Martin"]
[Result "0-1"]
[WhiteElo "2153"]
[BlackElo "2090"]
[PlyCount "116"]
[EventDate "2014.09.14"]
[EventType "team-tourn"]
[EventRounds "9"]
[EventCountry "GER"]
[SourceTitle "EXT 2017"]
[Source "ChessBase"]
[SourceDate "2016.10.25"]
[SourceVersion "1"]
[SourceVersionDate "2016.10.25"]
[SourceQuality "1"]
[WhiteTeam "Niederkassel"]
[BlackTeam "Letmathe"]
[WhiteTeamCountry "GER"]
[BlackTeamCountry "GER"]

1. Nf3 c5 2. e3 g6 3. d4 Nf6 4. Be2 Bg7 5. 0-0 Qc7 6. a3 b6 7. c4 0-0 8. Nc3 cxd4 9. exd4 Ba6 10. Qa4 d5 11. b3 Qd7 12. Ne5 Qxa4 13. bxa4 Rc8 14. Re1 e6 15. Bg5 Ne4 16. Nxe4 dxe4 17. Bf4 f6 18. Ng4 f5 19. Ne5 Nc6 20. Nxc6 Rxc6 21. d5 Rcc8 22. Rac1 exd5 23. cxd5 Rxc1 24. Bxc1 Bxe2 25. Rxe2 Rc8 26. Bf4 Be5 27. Bh6 Kf7 28. f3 Bd4+ 29. Kf1 exf3 30. gxf3 Rd8 31. Bg5 Bf6 32. Bxf6 Kxf6 33. Re6+ Kf7 34. Rc6 Ke7 35. Re6+ Kd7 36. Ke2 Kc7 37. Re5 Kd6 38. Re6+ Kxd5 39. Re7 a5 40. Rxh7 Kc4 41. Rh6 Rg8 42. h4 Kb3 43. h5 gxh5 44. Rxb6+ Kxa3 45. Rh6 Kxa4 46. Rxh5 Rf8 47. Rh1 Rd8 48. Ra1+ Kb5 49. Rb1+ Ka6 50. Ke3 Rd5 51. Kf4 a4 52. Kg5 Ka5 53. f4 a3 54. Kf6 Ka4 55. Ke6 Ra5 56. Ra1 Kb3 57. Rb1+ Kc2 58. Ra1 a2 0-1

[Event "NRW Class1 1314"]
[Site "Germany"]
[Date "2014.02.02"]
[Round "6.2"]
[White "Essing, Arnold"]
[Black "Riedel, Holger"]
[Result "1-0"]
[WhiteElo "2160"]
[BlackElo "2192"]
[PlyCount "81"]
[EventDate "2013.09.15"]
[EventType "team-tourn"]
[EventRounds "9"]
[EventCountry "GER"]
[SourceTitle "EXT 2015"]
[Source "ChessBase"]
[SourceDate "2014.11.20"]
[SourceVersion "1"]
[SourceVersionDate "2014.11.20"]
[SourceQuality "1"]
[WhiteTeam "Lieme"]
[BlackTeam "Niederkassel"]
[WhiteTeamCountry "GER"]
[BlackTeamCountry "GER"]

1. d4 e6 2. Nf3 Nf6 3. c4 b6 4. Nc3 Bb4 5. Bg5 h6 6. Bh4 Bb7 7. Qc2 g5 8. Bg3 Ne4 9. Be5 Bxc3+ 10. bxc3 Rg8 11. d5 exd5 12. cxd5 Bxd5 13. Rd1 Bb7 14. Nd2 Qe7 15. Bxc7 Na6 16. Bg3 Nac5 17. f3 Nxg3 18. hxg3 Rg6 19. Kf2 0-0-0 20. Nb3 Re8 21. Qd2 f5 22. Nd4 Qe5 23. Rh5 Rf6 24. e3 Ref8 25. Nb3 Qe8 26. Nxc5 bxc5 27. Rh1 Rb6 28. Bc4 g4 29. Bd5 Qe5 30. Bxb7+ Rxb7 31. Rxh6 Re8 32. Rd6 Re7 33. Rd5 Qh8 34. Rxc5+ Kd8 35. f4 Qf6 36. Rd5 Rc7 37. Rb1 Rxc3 38. Rb8+ Kc7 39. Rdb5 Rh7 40. R5b7+ Kc6 41. Rxa7 1-0

[Event "Bayern-chI Bank Hofmann 17th"]
[Site "Bad Wiessee"]
[Date "2013.11.01"]
[Round "8"]
[White "Riedel, Holger"]
[Black "Eggleston, David"]
[Result "0-1"]
[WhiteElo "2213"]
[BlackElo "2399"]
[PlyCount "50"]
[EventDate "2013.10.26"]
[EventType "swiss"]
[EventRounds "9"]
[EventCountry "GER"]
[SourceTitle "EXT 2014"]
[Source "ChessBase"]
[SourceDate "2013.11.20"]
[SourceVersion "1"]
[SourceVersionDate "2013.11.20"]
[SourceQuality "1"]

1. Nf3 Nf6 2. b4 b6 3. Bb2 e6 4. a3 Bb7 5. e3 Be7 6. c4 0-0 7. Be2 d5 8. cxd5 exd5 9. d4 Nbd7 10. 0-0 Ne4 11. Nc3 f5 12. Qb3 Ndf6 13. Nxe4 Nxe4 14. Bd3 Bd6 15. a4 Rf6 16. Bxe4 fxe4 17. Ne5 Rh6 18. f3 Qh4 19. h3 Qg3 20. Kh1 Bxe5 21. dxe5 exf3 22. Rxf3 Rxh3+ 23. gxh3 Qxf3+ 24. Kh2 Qf2+ 25. Kh1 Rf8 0-1

[Event "Bayern-chI Bank Hofmann 17th"]
[Site "Bad Wiessee"]
[Date "2013.10.31"]
[Round "7"]
[White "Lampert, Jonas"]
[Black "Riedel, Holger"]
[Result "0-1"]
[WhiteElo "2376"]
[BlackElo "2213"]
[PlyCount "98"]
[EventDate "2013.10.26"]
[EventType "swiss"]
[EventRounds "9"]
[EventCountry "GER"]
[SourceTitle "EXT 2014"]
[Source "ChessBase"]
[SourceDate "2013.11.20"]
[SourceVersion "1"]
[SourceVersionDate "2013.11.20"]
[SourceQuality "1"]

1. e4 e6 2. d4 d5 3. Nd2 Be7 4. c3 c5 5. dxc5 Bxc5 6. Bd3 Nf6 7. Qe2 dxe4 8. Nxe4 Nxe4 9. Bxe4 Nd7 10. Nf3 a6 11. 0-0 Qc7 12. Bg5 Nf6 13. Rad1 Bd7 14. Bd3 Bd6 15. h3 h6 16. Bc1 0-0 17. c4 Rfe8 18. b3 e5 19. Nd2 e4 20. Bxe4 Bc6 21. f3 Bc5+ 22. Rf2 Nh5 23. b4 Nf4 24. Qf1 Nxh3+ 25. gxh3 Qg3+ 26. Qg2 Bxf2+ 27. Kf1 Qxg2+ 28. Kxg2 Be3 29. Bxc6 bxc6 30. Ne4 Bxc1 31. Rxc1 f5 32. Nd6 Re2+ 33. Kg3 Rf8 34. a4 Rf6 35. c5 f4+ 36. Kh4 g5+ 37. Kh5 Rh2 38. Kg4 Kh7 39. Nc4 Rg2+ 40. Kh5 Rg3 41. Rh1 Rxf3 42. Ne5 Rb3 43. Nd7 Rf5 44. Re1 Rf7 45. Nf8+ Rxf8 46. Re7+ Kg8 47. Kg6 Rd8 48. Rg7+ Kh8 49. Rf7 Rxb4 0-1

[Event "NRW Class1 1314"]
[Site "Germany"]
[Date "2013.10.06"]
[Round "2.2"]
[White "Forchert, Martin"]
[Black "Riedel, Holger"]
[Result "1-0"]
[WhiteElo "2267"]
[BlackElo "2192"]
[PlyCount "105"]
[EventDate "2013.09.15"]
[EventType "team-tourn"]
[EventRounds "9"]
[EventCountry "GER"]
[SourceTitle "EXT 2015"]
[Source "ChessBase"]
[SourceDate "2014.11.20"]
[SourceVersion "1"]
[SourceVersionDate "2014.11.20"]
[SourceQuality "1"]
[WhiteTeam "Bielefeld"]
[BlackTeam "Niederkassel"]
[WhiteTeamCountry "GER"]
[BlackTeamCountry "GER"]

1. e4 e6 2. d4 d5 3. Nd2 Be7 4. Bd3 c5 5. dxc5 Nf6 6. Qe2 Nc6 7. Ngf3 0-0 8. 0-0 Nd7 9. Nb3 Nxc5 10. Nxc5 Bxc5 11. c3 a5 12. Be3 Bxe3 13. Qxe3 Qc7 14. Rad1 b6 15. Rfe1 Bd7 16. Bc2 Ne7 17. Qd3 Ng6 18. exd5 exd5 19. Qxd5 Bc6 20. Qh5 Rae8 21. Ng5 h6 22. Ne6 Rxe6 23. Rxe6 Nf4 24. Rxc6 Qxc6 25. Qg4 g5 26. h4 f5 27. Qf3 Qxf3 28. gxf3 g4 29. Kh2 h5 30. Rd2 Ng6 31. fxg4 Ne5 32. Rd5 Nf3+ 33. Kg3 fxg4 34. Rxh5 Ne1 35. Be4 Rd8 36. Rd5 Re8 37. Kf4 Rf8+ 38. Rf5 Rd8 39. Bd5+ Kg7 40. Kxg4 Nd3 41. c4 Rf8 42. Rxf8 Kxf8 43. b3 Nc1 44. Kf5 Kg7 45. c5 bxc5 46. a4 Nd3 47. f4 Kh6 48. Bf7 Kg7 49. Bc4 Ne1 50. Ke6 Ng2 51. f5 Nxh4 52. Bd5 Kf8 53. Be4 1-0

[Event "NRW Class2 1213"]
[Site "Germany"]
[Date "2013.04.28"]
[Round "9.2"]
[White "Sandkamp, Ralph"]
[Black "Riedel, Holger"]
[Result "1-0"]
[WhiteElo "2202"]
[BlackElo "2171"]
[PlyCount "149"]
[EventDate "2012.09.16"]
[EventType "team-tourn"]
[EventRounds "9"]
[EventCountry "GER"]
[SourceTitle "EXT 2017"]
[Source "ChessBase"]
[SourceDate "2016.10.25"]
[SourceVersion "1"]
[SourceVersionDate "2016.10.25"]
[SourceQuality "1"]
[WhiteTeam "Herne Sodingen"]
[BlackTeam "Niederkassel"]
[WhiteTeamCountry "GER"]
[BlackTeamCountry "GER"]

1. d4 Nf6 2. c4 e6 3. Nf3 b6 4. g3 Bb7 5. Bg2 Be7 6. 0-0 0-0 7. Nc3 Na6 8. a3 c5 9. d5 exd5 10. Nh4 Re8 11. Nf5 Bf8 12. Bg5 Nc7 13. Ne3 Rb8 14. Nexd5 Ncxd5 15. Bxd5 h6 16. Bxf6 Qxf6 17. Bxb7 Rxb7 18. Qd5 Qc6 19. Rfd1 g6 20. e3 Bg7 21. Rac1 a6 22. Rc2 b5 23. cxb5 axb5 24. b3 Ra7 25. a4 c4 26. Qxb5 Qxb5 27. Nxb5 cxb3 28. Nxa7 bxc2 29. Rc1 Ra8 30. Nb5 Rxa4 31. Rxc2 Bf8 32. Rc8 Kg7 33. Rd8 Ra5 34. Nc7 d6 35. Ne8+ Kh7 36. Nxd6 Be7 37. Rd7 Bxd6 38. Rxf7+ Kg8 39. Rf6 Bf8 40. Rxg6+ Kf7 41. Rc6 Ra2 42. Kg2 Kg7 43. g4 Bb4 44. Rc4 Bd2 45. Re4 Be1 46. Rf4 Bd2 47. Rf3 Ra4 48. h3 Ba5 49. Rf5 Ra2 50. h4 Bd8 51. Kg3 Ra1 52. Rd5 Be7 53. h5 Rg1+ 54. Kf4 Rf1 55. f3 Kf6 56. Ke4 Rg1 57. Rb5 Ke6 58. Rb8 Kf7 59. Kf5 Re1 60. Rb3 Ra1 61. e4 Ra3 62. Rxa3 Bxa3 63. f4 Be7 64. e5 Bd8 65. g5 hxg5 66. fxg5 Kg7 67. g6 Bh4 68. Ke6 Bg3 69. Kd5 Bf4 70. Ke4 Bd2 71. Kf5 Bc3 72. e6 Bb4 73. h6+ Kxh6 74. Kf6 Ba3 75. Kf7 1-0

[Event "Bayern-chI Bank Hofmann 16th"]
[Site "Bad Wiessee"]
[Date "2012.10.30"]
[Round "4"]
[White "Gutman, Lev"]
[Black "Riedel, Holger"]
[Result "1-0"]
[WhiteElo "2466"]
[BlackElo "2177"]
[PlyCount "57"]
[EventDate "2012.10.27"]
[EventType "swiss"]
[EventRounds "9"]
[EventCountry "GER"]
[SourceTitle "EXT 2013"]
[Source "ChessBase"]
[SourceDate "2012.11.22"]
[SourceVersion "1"]
[SourceVersionDate "2012.11.22"]
[SourceQuality "1"]

1. Nf3 Nf6 2. g3 b6 3. Bg2 Bb7 4. 0-0 g6 5. d4 c5 6. Nc3 cxd4 7. Qxd4 Bg7 8. e4 Nc6 9. Qa4 0-0 10. e5 Ne8 11. Qh4 f6 12. exf6 Nxf6 13. Ng5 e6 14. Rd1 Qc8 15. Nce4 Ne5 16. Nxf6+ Rxf6 17. Qxh7+ Kf8 18. Bf4 Nf7 19. Nxf7 Bxg2 20. Ne5 Bd5 21. Bh6 Bxh6 22. Nxd7+ Qxd7 23. Qxd7 Rf7 24. Qd6+ Kg8 25. Rxd5 exd5 26. Qxg6+ Bg7 27. Rd1 Raf8 28. f4 Rd8 29. c3 1-0

[Event "Mittelrhein-chT 1112"]
[Site "Germany"]
[Date "2012.02.05"]
[Round "8.1"]
[White "Riedel, Holger"]
[Black "Hoefer, Axel"]
[Result "1/2-1/2"]
[WhiteElo "2121"]
[BlackElo "2012"]
[PlyCount "32"]
[EventDate "2011.09.11"]
[EventType "team-tourn"]
[EventRounds "13"]
[EventCountry "GER"]
[SourceTitle "EXT 2013"]
[Source "ChessBase"]
[SourceDate "2012.11.22"]
[SourceVersion "1"]
[SourceVersionDate "2012.11.22"]
[SourceQuality "1"]
[WhiteTeam "Niederkassel"]
[BlackTeam "Koeln Muelheim"]
[WhiteTeamCountry "GER"]
[BlackTeamCountry "GER"]

1. Nf3 d5 2. g3 g6 3. Bg2 Bg7 4. d4 Nf6 5. 0-0 0-0 6. c4 c6 7. cxd5 cxd5 8. Ne5 Nc6 9. Nc3 Be6 10. Nxc6 bxc6 11. Bf4 Ne4 12. Nxe4 dxe4 13. Bxe4 Qxd4 14. Bxc6 Rac8 15. Qxd4 Bxd4 16. Be4 Bxb2 1/2-1/2

[Event "Mittelrhein-chT 1112"]
[Site "Germany"]
[Date "2011.12.18"]
[Round "6.1"]
[White "Riedel, Holger"]
[Black "Marcziter, Dmitrii"]
[Result "1-0"]
[WhiteElo "2121"]
[BlackElo "2221"]
[PlyCount "87"]
[EventDate "2011.09.11"]
[EventType "team-tourn"]
[EventRounds "13"]
[EventCountry "GER"]
[SourceTitle "EXT 2013"]
[Source "ChessBase"]
[SourceDate "2012.11.22"]
[SourceVersion "1"]
[SourceVersionDate "2012.11.22"]
[SourceQuality "1"]
[WhiteTeam "Niederkassel"]
[BlackTeam "Koeln Lasker"]
[WhiteTeamCountry "GER"]
[BlackTeamCountry "GER"]

1. d4 d5 2. Bg5 Nf6 3. e3 e6 4. Nf3 Be7 5. Bd3 c5 6. 0-0 Nc6 7. c3 Qb6 8. Qc2 h6 9. Bh4 0-0 10. Nbd2 Bd7 11. Ne5 Rad8 12. f4 Na5 13. Rf3 cxd4 14. exd4 Bb5 15. Bh7+ Kh8 16. Rg3 Qc7 17. Bd3 Bxd3 18. Qxd3 Nc6 19. Rf1 Nxe5 20. fxe5 Nh7 21. Bxe7 Qxe7 22. Nb3 b6 23. Nc1 f5 24. Ne2 g5 25. Rh3 Qg7 26. Ng3 Qg6 27. Nh5 Rg8 28. Qa6 Rd7 29. Qb5 Rf7 30. c4 dxc4 31. Qxc4 Rd7 32. Rc1 Rgd8 33. Rd1 f4 34. Nf6 Nxf6 35. Qxe6 Rxd4 36. Rf1 Rf8 37. exf6 Rxf6 38. Qe5 Re4 39. Rxh6+ Qxh6 40. Qxe4 Rf8 41. Rd1 Qg7 42. Rd6 Rf6 43. Qe8+ Rf8 44. Qh5+ 1-0

[Event "Mittelrhein-chT 1112"]
[Site "Germany"]
[Date "2011.10.02"]
[Round "2.1"]
[White "Riedel, Holger"]
[Black "Cekro, Ekrem"]
[Result "0-1"]
[WhiteElo "2121"]
[BlackElo "2378"]
[PlyCount "54"]
[EventDate "2011.09.11"]
[EventType "team-tourn"]
[EventRounds "13"]
[EventCountry "GER"]
[SourceTitle "EXT 2013"]
[Source "ChessBase"]
[SourceDate "2012.11.22"]
[SourceVersion "1"]
[SourceVersionDate "2012.11.22"]
[SourceQuality "1"]
[WhiteTeam "Niederkassel"]
[BlackTeam "Wuerselen"]
[WhiteTeamCountry "GER"]
[BlackTeamCountry "GER"]

1. Nf3 g6 2. d4 Bg7 3. e4 d6 4. Nc3 Bg4 5. Be2 Nc6 6. Be3 Nf6 7. 0-0 0-0 8. d5 Bxf3 9. Bxf3 Ne5 10. Be2 c6 11. f4 Ned7 12. dxc6 bxc6 13. Bf3 Rb8 14. Rb1 Qc7 15. g4 Nb6 16. Qe2 Nfd7 17. Qd3 Nc5 18. Bxc5 dxc5 19. e5 Rfd8 20. Qe2 Nd5 21. Be4 Qa5 22. e6 Bxc3 23. exf7+ Kf8 24. bxc3 Nxc3 25. Qe3 Rxb1 26. Rxb1 Nxb1 27. f5 Qd2 0-1

[Event "Mittelrhein-chT 1112"]
[Site "Germany"]
[Date "2011.09.11"]
[Round "1.1"]
[White "Haag, Martin"]
[Black "Riedel, Holger"]
[Result "1-0"]
[WhiteElo "2255"]
[BlackElo "2121"]
[PlyCount "81"]
[EventDate "2011.09.11"]
[EventType "team-tourn"]
[EventRounds "13"]
[EventCountry "GER"]
[SourceTitle "EXT 2013"]
[Source "ChessBase"]
[SourceDate "2012.11.22"]
[SourceVersion "1"]
[SourceVersionDate "2012.11.22"]
[SourceQuality "1"]
[WhiteTeam "Bonn Beuel"]
[BlackTeam "Niederkassel"]
[WhiteTeamCountry "GER"]
[BlackTeamCountry "GER"]

1. c4 g6 2. d4 Bg7 3. e4 d6 4. Nc3 Nf6 5. f4 0-0 6. Nf3 c5 7. d5 e6 8. Be2 exd5 9. cxd5 a6 10. a4 Re8 11. Nd2 Nbd7 12. 0-0 Rb8 13. Kh1 c4 14. e5 dxe5 15. Nxc4 e4 16. f5 Nc5 17. fxg6 hxg6 18. Bg5 Bf5 19. Ne3 Qb6 20. Rb1 Nh7 21. Bf4 Rbd8 22. Nxf5 gxf5 23. Be3 Qd6 24. Rxf5 Rc8 25. Qf1 Re7 26. Rd1 Bxc3 27. bxc3 Nxa4 28. c4 Nc3 29. c5 Qg6 30. Bh5 Nxd1 31. Bxg6 fxg6 32. Qxd1 gxf5 33. Qh5 Rf8 34. Qg6+ Rg7 35. Qe6+ Rgf7 36. h3 a5 37. c6 bxc6 38. dxc6 Nf6 39. c7 Nd7 40. Bd4 Rc8 41. Qh6 1-0

[Event "Bayern-chI Bank Hofmann 14th"]
[Site "Bad Wiessee"]
[Date "2010.11.02"]
[Round "5"]
[White "Riedel, Holger"]
[Black "Forchert, Martin"]
[Result "1/2-1/2"]
[WhiteElo "2201"]
[BlackElo "2420"]
[PlyCount "56"]
[EventDate "2010.10.30"]
[EventType "swiss"]
[EventRounds "9"]
[EventCountry "GER"]
[SourceTitle "EXT 2011"]
[Source "ChessBase"]
[SourceDate "2010.11.26"]
[SourceVersion "1"]
[SourceVersionDate "2010.11.26"]
[SourceQuality "1"]

1. b3 d5 2. Bb2 Nf6 3. e3 g6 4. c4 c6 5. Nf3 Bg7 6. Be2 0-0 7. 0-0 a6 8. Nc3 b5 9. cxd5 cxd5 10. Rc1 Bb7 11. d4 Nbd7 12. a4 b4 13. Na2 a5 14. Rc2 Qb6 15. Qb1 Ba6 16. Bxa6 Qxa6 17. Rfc1 Rac8 18. Rxc8 Rxc8 19. Rxc8+ Qxc8 20. Nd2 Ne8 21. Qc1 Qc7 22. Qxc7 Nxc7 23. Nc1 f6 24. f3 Bh6 25. Kf2 Kf7 26. Nd3 Ke6 27. g4 Kd6 28. f4 f5 1/2-1/2

[Event "Arctic Chess Challenge"]
[Site "Tromsoe"]
[Date "2010.08.07"]
[Round "8"]
[White "Dworakowska, Joanna"]
[Black "Riedel, Holger"]
[Result "0-1"]
[WhiteElo "2338"]
[BlackElo "2187"]
[PlyCount "100"]
[EventDate "2010.07.31"]
[EventType "swiss"]
[EventRounds "9"]
[EventCountry "NOR"]
[SourceTitle "CBM 137 Extra"]
[Source "ChessBase"]
[SourceDate "2010.09.01"]
[SourceVersion "1"]
[SourceVersionDate "2010.09.01"]
[SourceQuality "1"]

1. d4 g6 2. e4 Bg7 3. Nc3 d6 4. Be3 a6 5. f4 b5 6. Nf3 b4 7. Ne2 Nf6 8. Ng3 h5 9. e5 Nd5 10. Qd2 h4 11. Ne4 Bf5 12. Bd3 Nxe3 13. Qxe3 Bxe4 14. Bxe4 d5 15. Bd3 e6 16. a3 Bf8 17. axb4 Bxb4+ 18. c3 Be7 19. b4 Qc8 20. 0-0 h3 21. g3 Nd7 22. Ra2 Kf8 23. Rfa1 Kg7 24. Bxa6 Qb8 25. Qe2 Nb6 26. Kf2 Qe8 27. Qb5 Qd8 28. Qe2 Qd7 29. Bd3 Qc6 30. Rxa8 Rxa8 31. Rxa8 Qxa8 32. Nd2 Qa1 33. Nb1 Bxb4 34. cxb4 Qxd4+ 35. Kf3 Qxb4 36. Qd2 Qd4 37. Bc2 Qg1 38. Nc3 d4 39. Ne4 Nc4 40. Qf2 Qh1+ 41. Ke2 Ne3 42. Kd3 c5 43. Nd2 Qa1 44. Bb3 Ng4 45. Qf3 Nxh2 46. Qb7 Qc3+ 47. Ke2 Qe3+ 48. Kd1 d3 49. Nc4 Qg1+ 50. Kd2 Qg2+ 0-1

[Event "Arctic Chess Challenge"]
[Site "Tromsoe"]
[Date "2010.08.06"]
[Round "7"]
[White "Riedel, Holger"]
[Black "Karlsen, Sverre Johan"]
[Result "1-0"]
[WhiteElo "2187"]
[BlackElo "2050"]
[PlyCount "113"]
[EventDate "2010.07.31"]
[EventType "swiss"]
[EventRounds "9"]
[EventCountry "NOR"]
[SourceTitle "CBM 137 Extra"]
[Source "ChessBase"]
[SourceDate "2010.09.01"]
[SourceVersion "1"]
[SourceVersionDate "2010.09.01"]
[SourceQuality "1"]

1. e4 d6 2. g3 e5 3. Bg2 Nf6 4. Ne2 c6 5. c4 Be6 6. d3 d5 7. exd5 cxd5 8. Nbc3 Nc6 9. Qa4 Qd7 10. Bg5 Nb4 11. Qxd7+ Nxd7 12. 0-0 dxc4 13. dxc4 f6 14. Bd2 0-0-0 15. Nd5 Nc6 16. Rfd1 Nb6 17. Nxb6+ axb6 18. Rac1 Bc5 19. h3 Rd3 20. Be4 Rd7 21. Nc3 Nd4 22. Kg2 Kb8 23. Bd5 Bxd5+ 24. Nxd5 b5 25. b3 Rc8 26. Be3 Rd6 27. Bxd4 Bxd4 28. Ne7 Rc7 29. Nf5 Ra6 30. Nxd4 exd4 31. Rxd4 Rxa2 32. c5 Re7 33. Rc3 Ree2 34. Rf3 Kc7 35. Rg4 Re7 36. h4 Kc6 37. b4 Rc2 38. Rd3 Rc4 39. Rd6+ Kc7 40. Rxc4 bxc4 41. Rd4 Kc6 42. Rxc4 Kb5 43. Rd4 g6 44. Kf3 f5 45. Kf4 Re2 46. Rd7 Kc6 47. Rxh7 Rxf2+ 48. Kg5 Rg2 49. Kxg6 f4 50. g4 f3 51. Kg5 f2 52. Rf7 Kd5 53. h5 Ke4 54. h6 Ke3 55. h7 Rh2 56. Kg6 Rh4 57. g5 1-0

[Event "Arctic Chess Challenge"]
[Site "Tromsoe"]
[Date "2010.08.05"]
[Round "6"]
[White "Zozulia, Anna"]
[Black "Riedel, Holger"]
[Result "1-0"]
[WhiteElo "2340"]
[BlackElo "2187"]
[PlyCount "51"]
[EventDate "2010.07.31"]
[EventType "swiss"]
[EventRounds "9"]
[EventCountry "NOR"]
[SourceTitle "CBM 137 Extra"]
[Source "ChessBase"]
[SourceDate "2010.09.01"]
[SourceVersion "1"]
[SourceVersionDate "2010.09.01"]
[SourceQuality "1"]

1. e4 e6 2. d4 d5 3. Nd2 Be7 4. e5 c5 5. c3 Nh6 6. Bd3 cxd4 7. cxd4 Nc6 8. Ne2 Nf5 9. Nf3 0-0 10. 0-0 f6 11. Bxf5 exf5 12. Re1 g5 13. Nc3 g4 14. exf6 Bxf6 15. Ne5 Bxe5 16. dxe5 d4 17. Qb3+ Kg7 18. Nb5 Re8 19. Bf4 Be6 20. Qd3 Qb6 21. Nd6 Rf8 22. Qd2 Kh8 23. Bg5 Nxe5 24. Be7 Nc4 25. Qh6 Nxd6 26. Bxf8 1-0

[Event "Bayern-chI Bank Hofmann 13th"]
[Site "Bad Wiessee"]
[Date "2009.11.03"]
[Round "5"]
[White "Sharma, Dinesh Kumar"]
[Black "Riedel, Holger"]
[Result "1-0"]
[WhiteElo "2335"]
[BlackElo "2169"]
[PlyCount "77"]
[EventDate "2009.10.31"]
[EventType "swiss"]
[EventRounds "9"]
[EventCountry "GER"]
[SourceTitle "EXT 2010"]
[Source "ChessBase"]
[SourceDate "2010.11.25"]
[SourceVersion "1"]
[SourceVersionDate "2010.11.25"]
[SourceQuality "1"]

1. e4 e6 2. d4 d5 3. Nc3 Bb4 4. e5 c5 5. a3 Bxc3+ 6. bxc3 Ne7 7. Qg4 Qc7 8. Qxg7 Rg8 9. Qxh7 cxd4 10. Ne2 Nbc6 11. f4 dxc3 12. Qd3 Bd7 13. Qxc3 Nf5 14. Rb1 0-0-0 15. Rg1 d4 16. Qd3 Na5 17. Rb4 a6 18. g4 Ne3 19. Bxe3 Bb5 20. Qd2 dxe3 21. Qxe3 Qxc2 22. Nd4 Rxd4 23. Rxd4 Nb3 24. Rd1 Bxf1 25. Rxf1 Rxg4 26. Qd3 Qxd3 27. Rxd3 Nc5 28. Rc3 b6 29. Rg3 Rh4 30. h3 Kd7 31. Ke2 Kc6 32. Rgf3 b5 33. Rd1 Kb6 34. Rd6+ Ka5 35. Rc6 Na4 36. Rc7 Rh7 37. f5 Kb6 38. fxe6 Kxc7 39. Rxf7+ 1-0